History of Football by Decade A-Z - 1990s - Statistics

General Stats
  • This quiz has been taken 24 times
  • The average score is 13 of 26
Answer Stats
Letter Hint Answer % Correct
C Nicknamed "The King", he is remembered for performing a kung fu kick on a rival fan who was insulting him Eric Cantona
87%
P Champions of the UEFA Cup and Coppa Italia in 1999 Parma Calcio
87%
Y The conflict inside this country saw it expelled from participating in 1992 UEFA Euro Yugoslavia
78%
I Born in 1995, this European tournament had three simultaneous champions and granted them three spots for the UEFA Cup Intertoto Cup
74%
O This team won the first UEFA Champions League with its new denomination Olympique Marseille
70%
F Replaced by Premier League, for a few years it continued to be the naming for England's second top division First Division
65%
W He became the first ever non-european (born or nationalized) player to win the Ballon D'Or George Weah
61%
B His judicial challenge changed how players transfers were executed until then. This new ruling carries his surname Jean-Marc Bosman
61%
G Bad boy of the decade, his "Dentist Chair" celebration after scoring against Scotland is well remembered Paul Gascoigne
61%
E Only a few days after scoring an own goal in USA'94, he was tragically murdered, possibly as a retaliation for this own goal Andrés Escobar
57%
T He scored his only two international goals in 1998 FIFA World Cup semifinal, allowing his team to reach the final Lilian Thuram
57%
R English denomination of the first ever balcanic team to win a European tournament Red Star Belgrade
57%
H He is the eccentric goalkeeper that performed the scorpion kick in Wembley René Higuita
57%
K He scored a free kick to grant Barcelona their first ever European Cup Ronald Koeman
57%
Z Nayim's goal from midfield allowed this team to win their first ever UEFA Cup Winner's Cup Zaragoza
57%
D Nickname of the Barcelona team that was led by Cruijff on the bench and won the club's first European Cup Dream Team
43%
L Two Clásicos ended up with a result of 5-0, one for each team, and thiss player played both in the winning side Michael Laudrup
43%
S Name any of the top goalscorers of 1994 FIFA World Cup Oleg Salenko / Hristo Stoichkov
43%
M In 1990 he became the oldest player to score a goal in a FIFA World Cup, record that he would break again in 1994 Roger Milla
43%
N Against all odds, he coached Denmark to win the Euro in 1992 Richard Møller Nielsen
39%
V This team won its first ever Copa Libertadores and International Cup in 1994 Vélez Sarsfield
26%
X Nickname of the team with which Diego Armando Maradona played his last professional match Xeneize
26%
J He coached France to their first ever FIFA World Cup win Aimé Jacquet
17%
Q It was the official match ball of 1994 FIFA World Cup and 1996 UEFA Euro Questra
9%
U He dominated the peruvian league tournament winning five titles during this decade Universitario de Deportes
9%
A Top scorer of the first female World Cup and awarded best female player of the XXth century by FIFA Michelle Akers
4%
No matching quizzes found
Score Distribution
Percent of People with Each Score
Percentile by Number Answered
Your Score History
You have not taken this quiz